| 000 | 00000nam##2200000za#4500 |
| 001 | 9.573036 |
| 003 | CaOODSP |
| 005 | 20210624183517 |
| 007 | cr ||||||||||| |
| 008 | 150406|1997||||xxc|||||o f|0| 0 eng|d |
| 040 | |aCaOODSP|beng |
| 043 | |an-cn--- |
| 086 | 1 |aNE12-3/12-1997E-PDF |
| 110 | 1 |aCanada. |bNational Energy Board. |
| 245 | 10|aPipeline safety |h[electronic resource] |
| 260 | |aCalgary - Alberta : |bNational Energy Board |cJanuary 1997. |
| 300 | |a5p. |
| 490 | 1 |aInformation bulletin |v12 |
| 500 | |aThe catalogue number (NE 12-3/12-1997E) and ISSN (0825-0170) for the print edition have been incorrectly copied in this electronic publication. |
| 520 | 3 |a"The National Energy Board is responsible for promoting the safe construction and operation of federally regulated pipelines. This bulletin summarizes the Board’s pipeline safety mandate, practices and procedures."--Synopsis, p.1 of 5. |
| 590 | |a12-11-Supp|b2012-03-27 |
| 690 | 07|aPipelines|2gcpds |
| 690 | 07|aSafety standards|2gcpds |
| 775 | 08|tLa sécurité pipelinière |w(CaOODSP)9.603277 |
| 776 | 0#|tPipeline safety |w(CaOODSP)9.613585 |
| 830 | #0|aInformation bulletin ;|v12|w(CaOODSP)9.506777 |
| 856 | 40|ahttp://publications.gc.ca|qPDF|s99 KB|uhttps://publications.gc.ca/collections/Collection/NE12-3-12-1997E.pdf|y12 |